|
|
|
|
| LEADER |
00000naa2a2200000 4500 |
| 001 |
624943 |
| 005 |
20231101133334.0 |
| 035 |
|
|
|a (RuTPU)RU\TPU\conf\24203
|
| 035 |
|
|
|a RU\TPU\conf\24192
|
| 090 |
|
|
|a 624943
|
| 100 |
|
|
|a 20171204d2017 k y0rusy50 ca
|
| 101 |
0 |
|
|a rus
|
| 102 |
|
|
|a RU
|
| 105 |
|
|
|a y z 101zy
|
| 135 |
|
|
|a drcn ---uucaa
|
| 181 |
|
0 |
|a i
|
| 182 |
|
0 |
|a b
|
| 200 |
1 |
|
|a Динамическая модель оценки знаний студента
|f Н. В. Черняева
|g науч. рук. А. А. Мицель
|
| 203 |
|
|
|a Текст
|c электронный
|
| 225 |
1 |
|
|a Образовательные технологии в области контроля и управления
|
| 230 |
|
|
|a 1 компьютерный файл (pdf; 349 Кб)
|
| 300 |
|
|
|a Заглавие с экрана
|
| 320 |
|
|
|a [Библиогр.: с. 205 (2 назв.)]
|
| 463 |
|
0 |
|0 (RuTPU)RU\TPU\conf\23960
|t Ресурсоэффективные системы в управлении и контроле: взгляд в будущее
|o сборник научных трудов VI Международной конференции школьников, студентов, аспирантов, молодых ученых, 9 -14 октября 2017 г., г. Томск
|f Национальный исследовательский Томский политехнический университет (ТПУ)
|v [С. 202-205]
|d 2017
|
| 610 |
1 |
|
|a электронный ресурс
|
| 610 |
1 |
|
|a труды учёных ТПУ
|
| 610 |
1 |
|
|a динамические модели
|
| 610 |
1 |
|
|a оценка знаний
|
| 610 |
1 |
|
|a студенты
|
| 610 |
1 |
|
|a компетентностно-ориентированный подход
|
| 610 |
1 |
|
|a информационные технологии
|
| 610 |
1 |
|
|a MathCAD
|
| 610 |
1 |
|
|a успеваемость
|
| 610 |
1 |
|
|a профессиональные компетенции
|
| 700 |
|
1 |
|a Черняева
|b Н. В.
|
| 702 |
|
1 |
|a Мицель
|b А. А.
|c математик
|c профессор Томского политехнического университета, доктор технических наук
|f 1947-
|g Артур Александрович
|2 stltpush
|4 727
|
| 712 |
0 |
2 |
|a Томский политехнический университет (ТПУ)
|b Юргинский технологический институт (ЮТИ)
|c (2003-2009)
|2 stltpush
|3 (RuTPU)RU\TPU\col\12451
|
| 801 |
|
2 |
|a RU
|b 63413507
|c 20171206
|g RCR
|
| 856 |
4 |
|
|u http://earchive.tpu.ru/handle/11683/44641
|
| 942 |
|
|
|c BK
|